000 01543naa a22003497a 4500
001 BR8007290
003 BR-BrBNA
005 20250716093636.0
007 ta
008 250630b bl.|||m| |||| 00| 0 por d
040 _aBR-BrBNA
_bpor
_cBiblioteca Nacional de Agricultura
041 _a(Pt)
072 _aF00; F25
_b0140
_b3820
_b3830
_b3810
_bG514
090 _aF00 BR8007290
100 1 _aFioreze, I.
100 1 _aFloss, E.L.
100 1 _aIgnaczak, J.C.
100 1 _aSchutz, N.
245 1 _aEnsaio de calibracao de adubacao nitrogenada, fosfatada e potassica na producao de graos de aveia em solo Passo Fundo [producao vegetal, Avena spp., fertilizante, Rio Grande do Sul, Brasil]
500 _aRelatorio de pesquisa. Resultados de pesquisa com aveia obtidos na Faculdade de Agronomia da Universidade de Passo Fundo em 1979 Passo Fundo, RS (Brasil): 1980. p. 100-115 [3 illus.; 10 tables; Summaries (En, Pt)] (BR8007290-AMS)
773 0 _tRelatorio de pesquisa. Resultados de pesquisa com aveia obtidos na Faculdade de Agronomia da Universidade de Passo Fundo em 1979
_wF00 BR8007290
_gPasso Fundo, RS (Brasil), 1980. p. 100-115
650 _aPRODUCAO VEGETAL
650 _aAVEIA
650 _aGRAO
650 _aADUBACAO
650 _aFERTILIZANTE NITROGENADO
650 _aFERTILIZANTE FOSFATADO
650 _aFERTILIZANTE POTASSICO
490 _aRelatorio de Pesquisa - Universidade de Passo Fundo. Faculdade de Agronomia (Brazil)
_vv. 3 no. 3
942 _cAMS
_2AGRIS
909 _a202506
_bLúcia
_c55
_dLúcia Elande
999 _c333607
_d333607